[Event "Basel Easter op"]
[Site "Basel"]
[Date "2024.03.29"]
[Round "2"]
[White "Shearsby, Jude"]
[Black "Poysti, Nathanael Nicolai"]
[Result "1/2-1/2"]
[WhiteElo "2086"]
[BlackElo "2197"]
[PlyCount "79"]
[EventDate "2024.03.28"]
[EventType "swiss"]
[EventRounds "9"]
[EventCountry "SUI"]
[SourceTitle "CB14_2024"]
[SourceDate "2024.04.01"]
[SourceVersion "1"]
[SourceVersionDate "2024.04.01"]
[SourceQuality "1"]

1. e4 c6 2. d4 d5 3. e5 Bf5 4. h4 h5 5. Bd3 Bxd3 6. Qxd3 Qa5+ 7. b4 Qb5 8. Qxb5 cxb5 9. Nc3 Nc6 10. Nxb5 Nxb4 11. Nc7+ Kd7 12. Nxa8 Nxc2+ 13. Kd1 Nxa1 14. e6+ fxe6 15. Bf4 e5 16. Bxe5 Rh6 17. Rh3 Rc6 18. Ra3 a6 19. Ne2 Nc2 20. Rf3 Nf6 21. Nc3 Na3 22. Bxf6 exf6 23. Nxd5 Nb5 24. Rf5 Nxd4 25. Rxh5 Bc5 26. Rh7 Ke6 27. Nf4+ Kf7 28. Rh8 Rd6 29. Nd3 Ne6 30. Kc2 Ba7 31. Rc8 Ke7 32. Nb2 Kd7 33. Nc4 Kxc8 34. Nxd6+ Kb8 35. f3 Kxa8 36. Kd3 Bc5 37. Ne8 f5 38. Kc4 g6 39. g4 fxg4 40. fxg4 1/2-1/2

[Event "British Rapidplay"]
[Site "Peterborough"]
[Date "2024.03.02"]
[Round "1"]
[White "Shearsby, Jude"]
[Black "Zhang, Junyi"]
[Result "1-0"]
[WhiteElo "2086"]
[BlackElo "1924"]
[PlyCount "179"]
[EventDate "2024.03.02"]
[EventType "swiss (rapid)"]
[EventRounds "11"]
[EventCountry "ENG"]
[SourceTitle "CB10_2024"]
[SourceDate "2024.03.06"]
[SourceVersion "1"]
[SourceVersionDate "2024.03.06"]
[SourceQuality "1"]

1. d4 Nf6 2. Nc3 e6 3. Bf4 Bb4 4. Qd3 b6 5. Qf3 Nc6 6. 0-0-0 Bb7 7. a3 Bxc3 8. Qxc3 Nd5 9. Qg3 Nxf4 10. Qxf4 d6 11. e4 Qe7 12. d5 exd5 13. exd5 Ne5 14. Bb5+ Nd7 15. Nf3 0-0 16. Rhe1 Qf6 17. Qg3 Nc5 18. Rd4 a6 19. Bf1 Rfe8 20. Rxe8+ Rxe8 21. Rf4 Qe7 22. Rg4 f5 23. Rd4 Ne4 24. Qf4 Qf7 25. c4 Nxf2 26. Ng5 Qf6 27. Ne6 Ne4 28. Rd1 Bc8 29. Nd4 Bd7 30. Kb1 Ba4 31. Rd3 Nc5 32. Re3 Re4 33. Rxe4 Nxe4 34. Nxf5 Bd7 35. g4 g6 36. Qxe4 gxf5 37. Qf4 Kg7 38. g5 Qe7 39. Bd3 Kg6 40. h4 Qe5 41. Qf3 Qe1+ 42. Ka2 Qxh4 43. Bc2 Qxc4+ 44. Bb3 Qc5 45. Qe2 Bb5 46. Qe7 Bc4 47. Qf6+ Kh5 48. Qxf5 Bxb3+ 49. Kxb3 Qe3+ 50. Ka2 Qxg5 51. Qxh7+ Kg4 52. Qe4+ Qf4 53. Qg2+ Kf5 54. Qc2+ Kf6 55. Qxc7 b5 56. Qc3+ Qe5 57. Qf3+ Ke7 58. Qg2 Qd4 59. Qe2+ Kd7 60. Qe6+ Kc7 61. Qe7+ Kc8 62. Qe8+ Kb7 63. Qc6+ Ka7 64. Qc7+ Ka8 65. Qd8+ Kb7 66. Qe7+ Ka8 67. Qxd6 Qc4+ 68. Kb1 Qf1+ 69. Kc2 Qc4+ 70. Kd1 Qd3+ 71. Ke1 Qe3+ 72. Kf1 Qf3+ 73. Kg1 Qd1+ 74. Kf2 Qd4+ 75. Kf3 Qd3+ 76. Kf4 Qd2+ 77. Ke5 Qxb2+ 78. Ke6 Qe2+ 79. Kd7 Qg4+ 80. Qe6 Qg7+ 81. Qe7 Qg4+ 82. Kc6 Qg6+ 83. d6 Qc2+ 84. Kb6 Qc8 85. Qc7 Qxc7+ 86. Kxc7 a5 87. d7 b4 88. d8Q+ Ka7 89. Qb8+ Ka6 90. Qb6# 1-0

[Event "BCF-chT2 2324 (4NCL)"]
[Site "England"]
[Date "2024.02.11"]
[Round "6.35"]
[White "Shearsby, Jude"]
[Black "Snape, Ian L"]
[Result "1-0"]
[WhiteElo "2107"]
[BlackElo "2096"]
[PlyCount "113"]
[EventDate "2023.11.11"]
[EventType "team-tourn"]
[EventRounds "11"]
[EventCountry "ENG"]
[SourceTitle "CB11_2024"]
[SourceDate "2024.03.13"]
[SourceVersion "1"]
[SourceVersionDate "2024.03.13"]
[SourceQuality "1"]
[WhiteTeam "Warwicks Select"]
[BlackTeam "The ADS"]
[WhiteTeamCountry "ENG"]
[BlackTeamCountry "ENG"]

1. e4 c5 2. Nf3 d6 3. d4 Nf6 4. Nc3 cxd4 5. Nxd4 g6 6. Be3 Bg7 7. f3 0-0 8. Qd2 Nc6 9. Bc4 Bd7 10. 0-0-0 Rb8 11. Bb3 Na5 12. Bh6 Bxh6 13. Qxh6 b5 14. Nd5 e6 15. Nxf6+ Qxf6 16. h4 Qg7 17. Qd2 Nc4 18. Qd3 Rfc8 19. h5 a5 20. hxg6 hxg6 21. Bxc4 bxc4 22. Qc3 a4 23. Rh4 e5 24. Ne2 Qf6 25. Rdh1 Kf8 26. f4 Ke7 27. Rh7 exf4 28. Qxf6+ Kxf6 29. Nxf4 Be6 30. Ne2 a3 31. bxa3 Ra8 32. Rf1+ Ke5 33. Nc3 Rxa3 34. Kd2 Rb8 35. Rhh1 Kd4 36. Rf3 Ke5 37. Rg3 Rb7 38. Rf1 Bc8 39. Rg5+ Ke6 40. Nd5 Rxa2 41. Rf6+ Kd7 42. Rxf7+ Ke8 43. Rxb7 Bxb7 44. Rxg6 Bxd5 45. exd5 Ra5 46. Rxd6 Ke7 47. Re6+ Kf7 48. Re5 Kf6 49. Rh5 Ra3 50. c3 Ra2+ 51. Ke3 Rxg2 52. Kd4 Rg4+ 53. Kc5 Ke7 54. Rh7+ Kf6 55. d6 Ke5 56. d7 Rg8 57. Re7+ 1-0

[Event "Enniscrone Sligo Winter op"]
[Site "Enniscrone"]
[Date "2024.02.03"]
[Round "?"]
[White "Boyle, Bernard"]
[Black "Shearsby, Jude"]
[Result "0-1"]
[WhiteElo "1830"]
[BlackElo "2133"]
[PlyCount "78"]
[EventDate "2024.02.02"]
[EventType "swiss"]
[EventRounds "5"]
[EventCountry "IRL"]
[SourceTitle "CB07_2024"]
[SourceDate "2024.02.14"]
[SourceVersion "1"]
[SourceVersionDate "2024.02.14"]
[SourceQuality "1"]

1. d4 Nf6 2. Nf3 g6 3. Nbd2 Bg7 4. b4 a5 5. b5 0-0 6. c4 d5 7. e3 c5 8. bxc6 Nxc6 9. Ba3 Bf5 10. Be2 Rb8 11. 0-0 dxc4 12. Nxc4 Nd5 13. Rc1 Ndb4 14. Bxb4 Nxb4 15. Qd2 Qd5 16. a3 Nc6 17. Bd3 Bxd3 18. Qxd3 b5 19. Ncd2 Rfd8 20. Qb3 Qxb3 21. Nxb3 Rd6 22. Rc5 a4 23. Nbd2 Na5 24. Rb1 Rdb6 25. Kf1 Bf8 26. Ne5 R6b7 27. Nd3 e5 28. Rc3 exd4 29. exd4 Rd8 30. Nf3 Rbb8 31. Nc5 Nc4 32. Na6 Rbc8 33. Rd3 Nxa3 34. Ra1 Rc6 35. Raxa3 Bxa3 36. Ne5 Rxa6 37. Rxa3 b4 38. Rf3 a3 39. Nxf7 a2 0-1

[Event "BCF-chT2 2324 (4NCL)"]
[Site "England"]
[Date "2024.01.14"]
[Round "4.4"]
[White "Jogstad, Martin"]
[Black "Shearsby, Jude"]
[Result "1-0"]
[WhiteElo "2396"]
[BlackElo "2133"]
[PlyCount "55"]
[EventDate "2023.11.11"]
[EventType "team-tourn"]
[EventRounds "11"]
[EventCountry "ENG"]
[SourceTitle "CB11_2024"]
[SourceDate "2024.03.13"]
[SourceVersion "1"]
[SourceVersionDate "2024.03.13"]
[SourceQuality "1"]
[WhiteTeam "CSC/Kingston"]
[BlackTeam "Warwicks Select"]
[WhiteTeamCountry "ENG"]
[BlackTeamCountry "ENG"]

1. d4 Nf6 2. c4 g6 3. Nc3 d5 4. Bg5 Ne4 5. Bh4 Nxc3 6. bxc3 Bg7 7. e3 Nc6 8. Nf3 0-0 9. Be2 Bf5 10. Qb3 dxc4 11. Qxb7 Qd5 12. Qb3 Qd8 13. Qb7 Qd5 14. Qa6 Na5 15. Nd2 Bc8 16. e4 Bxa6 17. exd5 Rfe8 18. 0-0 Rad8 19. Bf3 Bb7 20. Rfb1 Bxd5 21. Rb5 Bxf3 22. Nxf3 Nc6 23. Rc5 Rd6 24. Bg3 Rf6 25. Re1 Nb8 26. Rxc7 e5 27. Rxe5 Rxe5 28. Rc8+ 1-0

[Event "London IM"]
[Site "London"]
[Date "2023.12.05"]
[Round "2"]
[White "Large, Peter G"]
[Black "Shearsby, Jude"]
[Result "1-0"]
[WhiteElo "2273"]
[BlackElo "2159"]
[PlyCount "57"]
[EventDate "2023.12.05"]
[EventType "tourn"]
[EventRounds "9"]
[EventCountry "ENG"]
[SourceTitle "CB50_2023"]
[SourceDate "2023.12.13"]
[SourceVersion "1"]
[SourceVersionDate "2023.12.13"]
[SourceQuality "1"]
[WhiteTeam "GM/IM Team"]
[BlackTeam "Norm Seeker II"]
[WhiteTeamCountry "ENG"]
[BlackTeamCountry "ENG"]

1. e4 c5 2. Nc3 g6 3. Nf3 d6 4. d4 cxd4 5. Qxd4 Nf6 6. e5 Nc6 7. Bb5 dxe5 8. Qxd8+ Kxd8 9. Bxc6 bxc6 10. Nxe5 Ke8 11. Be3 Bb7 12. Na4 Nd5 13. Bd4 f6 14. Nd3 e5 15. Bc5 Ba6 16. 0-0-0 Bh6+ 17. Kb1 Kf7 18. b3 Rhd8 19. c4 Nc7 20. Nb4 Bb7 21. Bxa7 Rd2 22. Bb6 Ne6 23. Rxd2 Bxd2 24. Rd1 Bxb4 25. Rd7+ Kg8 26. Rxb7 Nf4 27. Be3 Be1 28. Nb6 Rd8 29. Nd7 1-0

[Event "London Mindsports op"]
[Site "London"]
[Date "2023.09.15"]
[Round "5"]
[White "Olsen, Filip Boe"]
[Black "Shearsby, Jude"]
[Result "1-0"]
[WhiteElo "2428"]
[BlackElo "2100"]
[PlyCount "59"]
[EventDate "2023.09.13"]
[EventType "swiss"]
[EventRounds "9"]
[EventCountry "ENG"]
[SourceTitle "EXT 2024"]
[Source "ChessBase"]
[SourceDate "2023.10.10"]
[SourceVersion "1"]
[SourceVersionDate "2023.10.10"]
[SourceQuality "1"]

1. d4 Nf6 2. c4 g6 3. Nf3 Bg7 4. g3 0-0 5. Bg2 c6 6. Nc3 d5 7. Qb3 dxc4 8. Qxc4 Nbd7 9. 0-0 Nb6 10. Qd3 Be6 11. Rd1 Nfd7 12. h3 Qc8 13. Qc2 Bc4 14. b3 Ba6 15. Bb2 Qc7 16. Rac1 Rac8 17. h4 Nf6 18. Bh3 e6 19. e4 Rfd8 20. Ba3 Nfd7 21. e5 Nf8 22. Ne4 Nd5 23. Bd6 Qa5 24. a4 Nb4 25. Qd2 Qd5 26. Qxb4 Qxe4 27. Ng5 Qe2 28. Bg2 Qh5 29. Bf3 Qh6 30. Be7 1-0

[Event "GBR-ch 109th"]
[Site "Leicester"]
[Date "2023.07.25"]
[Round "4"]
[White "Badacsonyi, Frankie"]
[Black "Shearsby, Jude"]
[Result "1-0"]
[WhiteElo "1966"]
[BlackElo "2076"]
[PlyCount "81"]
[EventDate "2023.07.22"]
[EventType "swiss"]
[EventRounds "9"]
[EventCountry "ENG"]
[SourceTitle "CBM 215 Extra"]
[Source "ChessBase"]
[SourceDate "2023.09.30"]
[SourceVersion "1"]
[SourceVersionDate "2023.09.30"]
[SourceQuality "1"]

1. d4 Nf6 2. c4 g6 3. Nc3 Bg7 4. e4 d6 5. h3 0-0 6. Be3 e5 7. d5 Na6 8. g4 Nc5 9. f3 a5 10. Qd2 c6 11. Nge2 cxd5 12. cxd5 Bd7 13. Nc1 Rb8 14. Nd3 Nxd3+ 15. Bxd3 b5 16. h4 h5 17. Bg5 hxg4 18. h5 gxh5 19. Rxh5 Nxh5 20. Bxd8 Rfxd8 21. fxg4 Nf4 22. g5 Rdc8 23. Bf1 Rc5 24. Ne2 Bg4 25. Rc1 Rxc1+ 26. Nxc1 b4 27. Nd3 Ng6 28. Qe3 Rb7 29. Nf2 Bh5 30. Qc1 Bf8 31. Qc8 Re7 32. Qd8 Nh4 33. Be2 Ng2+ 34. Kd2 Bxe2 35. Kxe2 Nf4+ 36. Kd2 Kg7 37. Qxd6 Re6 38. Qc7 Bd6 39. dxe6 Bxc7 40. e7 Bb6 41. e8Q 1-0

[Event "Coventry op"]
[Site "Coventry"]
[Date "2023.02.18"]
[Round "1"]
[White "Shearsby, Jude"]
[Black "Dicen, Elis Denele"]
[Result "1/2-1/2"]
[WhiteElo "2002"]
[BlackElo "1745"]
[PlyCount "91"]
[EventDate "2023.02.18"]
[EventType "swiss"]
[EventRounds "5"]
[EventCountry "ENG"]
[SourceTitle "CBM 212 Extra"]
[Source "ChessBase"]
[SourceDate "2023.03.31"]
[SourceVersion "1"]
[SourceVersionDate "2023.03.31"]
[SourceQuality "1"]

1. e4 c6 2. d4 d5 3. e5 Bf5 4. h4 h5 5. Bd3 Bxd3 6. Qxd3 e6 7. Nf3 Nd7 8. Nbd2 Nh6 9. c4 Nf5 10. g3 b6 11. 0-0 Be7 12. Rd1 0-0 13. Nf1 g6 14. Ne3 Ng7 15. b3 Rc8 16. Bb2 Qc7 17. Rac1 Qb7 18. Rc2 Rfd8 19. cxd5 cxd5 20. Rdc1 Nb8 21. a3 Nc6 22. Rc3 Rc7 23. Qc2 Rdc8 24. b4 a6 25. Kg2 Bd8 26. Qa4 Nb8 27. Ng1 Rxc3 28. Rxc3 Rxc3 29. Bxc3 Nc6 30. Ne2 Nxe5 31. dxe5 d4+ 32. f3 dxe3 33. Bd4 b5 34. Qb3 Nf5 35. Bc5 Bxh4 36. Bxe3 Bxg3 37. Nxg3 Nh4+ 38. Kh3 Qxf3 39. Qc3 Nf5 40. Bd2 Qg4+ 41. Kh2 Nxg3 42. Qxg3 Qe2+ 43. Qg2 Qxe5+ 44. Kh1 Qa1+ 45. Kh2 Qe5+ 46. Kh1 1/2-1/2